No Second Guess Trivia IV Quiz Stats

 Plays Quiz Updated Jan 13, 2018

Challenge
Share
Tweet
Embed
Score 0/16 Timer 04:00
8 Plays Today
% Correct
On what continent was the Inca Empire located????
86.5%
What color jersey does the leader of the Tour de France general classification wear????
84.1%
The disease scurvy is associated with a deficiency of what vitamin????
81.4%
Big Brother is a character in a novel by George Orwell reportedly set in which year of the 20th century????
81.4%
In the Northern Hemisphere, during what month does the summer solstice occur????
78.2%
The Mega Drive/Genesis gaming console was developed by which video game manufacturer????
69.2%
Which of the eight Ivy League educational institutions is the oldest????
69%
What is the only Nobel Prize to be awarded in Norway, as opposed to Sweden????
68.3%
% Correct
Which major Spanish city is the capital of the region of Catalonia????
66.4%
What chemical element is known as Plumbum in Latin????
61%
US President Woodrow Wilson was a member of which political party????
54.7%
What valuable gem is the birthstone for the month of April????
47.6%
In the children's TV series 'Teletubbies', what was the name of the purple Teletubby????
43.5%
In artistic gymnastics, how many apparatus must female gymnasts compete upon during the all-around competition????
37.4%
Who was the only actor in 'The Lord of the Rings' film series to be Oscar nominated for his/her role????
32.6%
'Jesus Wept', the shortest verse in the KJV Bible, is found in which of the four canonical gospels????
32.4%

You're not logged in!

Compare scores with friends on all Sporcle quizzes.
Join for Free
OR
Log In

You Might Also Like...

Show Comments

Extras

Top Quizzes Today


Score Distribution

Your Account Isn't Verified!

In order to create a playlist on Sporcle, you need to verify the email address you used during registration. Go to your Sporcle Settings to finish the process.

Report this User

Report this user for behavior that violates our Community Guidelines.

Details: